Bridgerton - Couples de la saga - Statistiques

Statistiques générales
  • Ce quiz a été pris 589 fois
  • Le résultat moyen est 7 sur 18
Statistiques - réponses
Hint Réponse % Correct
Couples Bridgerton Daphné Bridgerton & Simon Basset
95%
Couples Bridgerton Colin Bridgerton & Pénélope Featherington
93%
Couples Featherington Colin Bridgerton & Pénélope Featherington
93%
Couples Bridgerton Anthony Bridgerton & Kate Sheffield or Sharma
92%
Couples Bridgerton Violet Bridgerton & Edmund Bridgerton
71%
Couples Bridgerton Benedict Bridgerton & Sophie Beckett
49%
Couples Bridgerton Francesca Bridgerton & John Stirling puis Michael Stirling
43%
Couples Bridgerton Eloise Bridgerton & Philip Crane
36%
Autres Couples George III & Reine Charlotte de Mecklembourg-Strelitz
32%
Couples Bridgerton Hyacinthe Bridgerton & Gareth Saint Clair
14%
Couples Bridgerton Gregory Bridgerton & Lucinda Abernathy
12%
Autres Couples Will Mondrich & Alice Mondrich
9%
Couples Featherington Philipa Featherington & Nigel Berbrooke ou Albion Finch
7%
Couples Featherington Portia Featherington & Archibald Featherington
7%
Autres Couples Marina Thompson & Philip Crane
5%
Couples Featherington Prudence Featherington & Robert Huxley
4%
Autres Couples Brimsley & Reynolds
3%
Autres Couples Lady Agatha Danbury & Hermann Danbury
2%
Aucun quiz correspondant
Distribution des résultats
% des personnes avec chaque résultat
Percentile par nombre de réponses
Votre historique - résultats
Vous n’avez pas pris ce quiz